I Hate It Here - Taylor Swift (All Lyrics) - Statistics

General Stats
  • This quiz has been taken 29 times
    28 since last reset
  • The average score is 347 of 407
Answer Stats
Lyrics % Correct
a
100%
go
100%
hate
100%
here
100%
I
100%
in
100%
it
100%
It
100%
mind
100%
My
100%
my
100%
of
100%
secret
100%
so
100%
the
100%
The
100%
to
100%
will
100%
all
95%
All
95%
but
95%
gardens
95%
on
95%
and
89%
And
89%
be
89%
book
89%
child
89%
like
89%
live
89%
me
89%
me,
89%
one
89%
read
89%
Tell
89%
tell
89%
there
89%
there,
89%
was
89%
when
89%
When
89%
year
89%
you
89%
You
89%
are
84%
cause
84%
could
84%
game
84%
I'll
84%
is
84%
key
84%
love
84%
mine
84%
most
84%
need
84%
No
84%
poet
84%
Quick,
84%
quick
84%
see
84%
something
84%
this
84%
This
84%
used
84%
we
84%
where
84%
would
84%
your
84%
about
79%
actually
79%
awful
79%
city
79%
ever
79%
friends
79%
get
79%
good
79%
good,
79%
I'd
79%
inside
79%
life
79%
Now
79%
now
79%
only
79%
Only
79%
outside
79%
People
79%
pick
79%
place
79%
play
79%
racists
79%
say
79%
secrets
79%
small
79%
then
79%
town
79%
without
79%
you'll
79%
another
74%
back
74%
body
74%
decade
74%
fears
74%
finance
74%
fine
74%
for
74%
guy
74%
If
74%
I'm
74%
instead
74%
precocious
74%
scared
74%
seem
74%
swear
74%
trapped
74%
way
74%
wished
74%
1830's
68%
die
68%
down
68%
dreams
68%
eternal
68%
even
68%
Everyone
68%
felt
68%
fun
68%
getting
68%
highest
68%
hopes
68%
know
68%
lonely
68%
look
68%
might
68%
never
68%
off
68%
planet
68%
Seems
68%
survived
68%
they
68%
up
68%
valleys
68%
what
68%
worthless
68%
above
63%
bid
63%
construct
63%
dark
63%
debutant
63%
don't
63%
electricity,
63%
gentle
63%
lost
63%
luck
63%
lunar
63%
made
63%
married
63%
Nostalgia
63%
palace
63%
purpose
63%
save
63%
that
63%
wasn't
63%
been
58%
believe
58%
consolation
58%
feel
58%
found
58%
freezing
58%
inner
58%
mid-sized
58%
mind's
58%
night
58%
prize
58%
rise
58%
trick
58%
what's
58%
better
53%
dreamed
53%
fantasies
53%
bitter
47%
comfort
47%
current
47%
Lucid
47%
flies
42%
through
42%
romanticism
37%
No matching quizzes found
Score Distribution
Percent of People with Each Score
Percentile by Number Answered
Your Score History
You have not taken this quiz since the last reset